000 00310nam a2200133Ia 4500
005 20251222155128.0
008 251222s9999||||xx |||||||||||||| ||spa||
082 _aREL.128
100 _aLAGO,Marcelino.
245 0 _aLa Biblia Ilustrada
250 _a1ra. ed.
264 _bEdiciones Paulinas
942 _cLIB
999 _c38699
_d38699